Nemé ucho, hluché oko

Bibliographic Details
Main Author: Jaroš, Peter, 1940- (Author)
Format: Book
Language:Undetermined
PhysicalDescription:411 s.
Published: Bratislava Slovenský spisovateľ 1986

MARC

LEADER 00000nam a2200000 a 4500
001 vtls001390749
003 SK-MaSNL
005 20260301011655.0
008 240315s1986 xo 0 und
035 |a SNK000345022 
040 |a SNK  |b slo  |c SNK  |e AACR2 
044 |a xo  |c SK 
100 1 |a Jaroš, Peter,  |d 1940-  |4 aut  |9 221581 
245 1 |a Nemé ucho, hluché oko 
260 |a Bratislava  |b Slovenský spisovateľ  |c 1986 
300 |a 411 s. 
958 |a OND 
999 |c 551590  |d 553520 
952 |t P60, <03>, [BOOK], {603}  |a SNK  |b SNK  |y PREZ  |7 0  |p 17A0243809  |o snkSD 62411  |0 0  |1 0  |4 0  |d 2000-06-13  |l 0  |r 2005-01-02 00:00:00  |w 2026-02-23 
952 |a SNK  |b SNK  |y PREZ  |7 0  |p 17A0718332  |o snkSD 62411 D1  |i snk2011/19548  |8 3  |g 12.00  |0 0  |1 0  |4 0  |d 2011-09-21  |l 0  |r 2026-02-23 13:12:25  |w 2026-02-23